000 00780nam a22002057a 4500
999 _c163628
_d163628
005 20220111155950.0
010 _aUR-10036
020 _c130.00
_a9789383239726
035 _aU-8591
037 _bDBAD/PUB
082 _aک
100 _aڈ اکٹرا یم سعید ا لد ین
245 _aا ر د و ا فسا نے(بر آ ۓ سا ل د و م)
_cڈ اکٹرا یم سعید ا لد ین
246 _bUrdu Afsaney(Urdu)
_aby Dr. M.Sayeeduddeen
260 _aNew Delhi
_bApplied Books
_c2017
270 _a1739/3,Ground Floor,New kohinoor hotel,Patodi House,Dariya Ganj ,
_bNew Delhi
_e110002
_k011-23266347
_l-
300 _a112 ص
_c22 Cm.(bk)
500 _aدو حصہ
942 _2ddc
_cUR
_hک
_mا ی م